TOEFL : Practice tests (Workbook)
保存先:
| フォーマット: | 図書 |
|---|---|
| 言語: | Undetermined |
| 出版事項: |
Tp. Hồ Chí Minh
Trẻ
1999
|
| 主題: | |
| タグ: |
タグ追加
タグなし, このレコードへの初めてのタグを付けませんか!
|
| Thư viện lưu trữ: | Trung tâm Học liệu Trường Đại học Cần Thơ |
|---|
| LEADER | 00561nam a2200181Ia 4500 | ||
|---|---|---|---|
| 001 | CTU_34323 | ||
| 008 | 210402s9999 xx 000 0 und d | ||
| 082 | |a 428.0076 | ||
| 082 | |b T641/Vol.2 | ||
| 245 | 0 | |a TOEFL : | |
| 245 | 0 | |b Practice tests (Workbook) | |
| 245 | 0 | |c First New ban biên dịch | |
| 260 | |a Tp. Hồ Chí Minh | ||
| 260 | |b Trẻ | ||
| 260 | |c 1999 | ||
| 650 | |a English language,English language - t,Test of english as a foreign language | ||
| 650 | |x Examinations,Study guides | ||
| 980 | |a Trung tâm Học liệu Trường Đại học Cần Thơ | ||